School of bowing technics, Op. 1

Guardat en:
Dades bibliogràfiques
Autor principal: Sevcík, Otakar (Autor)
Format: Llibre
Idioma:anglès
Publicat: Nueva York Bosworth 1905
Col·lecció:Violin Works
Matèries:
Etiquetes: Afegir etiqueta
Sense etiquetes, Sigues el primer a etiquetar aquest registre!

MARC

LEADER 00000nam a2200000 a 4500
001 UCN8719
003 CL-VaPUC
008 011116e19050000US |||||||||||||||||eng|d
082 0 4 |a 787.2193  |b SEV  |2 21 
100 0 |a Sevcík, Otakar  |e author  |9 465084 
245 1 0 |a School of bowing technics, Op. 1 
300 |a v 
942 |c BK 
945 |d 20011116 00:00:00  |a lriquelm 
260 |a Nueva York  |b Bosworth  |c 1905 
650 0 |a Violín  |x Técnicas de ejecución  |9 462624 
650 0 |a Violín  |x Estudio y ejercicios  |9 462626 
650 0 |a Violín  |x Estudio e instrucción  |9 462623 
650 7 |a PEDAGOGIA INSTRUMENTAL  |2 CL-VaPUC  |9 465088 
650 0 |a Violín  |x Interpretación  |9 462625 
583 |a last modification  |c 20011116 00:00:00  |k Rodrigo Vera 
490 0 |a Violin Works 
999 |c 298479  |d 298477